00761 a2200241 450000500170000000800410001702000180005804000550007604100080013106000110013910000170015024500590016726000520022630000580027849000240033650400530036065000160041365000190042965000160044865000170046465000170048170000210049820180312144703.0130925s2002 sp ad fr|||| 001 0 spa d a9788479036737 aCO-BoUCMbspacJose A. GerenadAldemar Mondragón00aspa aBF 3111 aPark, Denise10aEnvejecimiento cognitivocDenise Park, Norbert Schwarz c2002bMédica Panamericana.aMadrid (España) axv, 337 páginasbilustraciones, cuadros, gráficas aCiencias cognitivas aIncluye referencias bibliográficas e índices 7aCognición 7aEnvejecimiento 7aGeriatría 7aInteligencia 7aNeurología1 aSchwarz, Norbert